Language Quiz

Random Language or Spanish Quiz

Spanish in 10's Quiz Stats

Quiz not verified by Sporcle

Challenge
Share
Tweet
Embed
Score 0/10 Timer 05:00
0 Plays Today
Hint Answer % Correct
????
100%
????
92.1%
????
92.1%
????
89.5%
????
81.6%
????
81.6%
????
81.6%
????
81.6%
????
81.6%
????
78.9%

You're not logged in!

Compare scores with friends on all Sporcle quizzes.
Join for Free
OR
Log In

You Might Also Like...

Show Comments

Extras

Top Quizzes Today


Score Distribution

Your Account Isn't Verified!

In order to create a playlist on Sporcle, you need to verify the email address you used during registration. Go to your Sporcle Settings to finish the process.

Report this User

Report this user for behavior that violates our Community Guidelines.

Details: